[Event "Oberliga Nord O 0910"]
[Site "Germany"]
[Date "2009.11.29"]
[Round "3.6"]
[White "Rovenski, Evjenij"]
[Black "Sroczynski, Maciej"]
[Result "0-1"]
[WhiteElo "2044"]
[BlackElo "2212"]
[PlyCount "102"]
[EventDate "2009.10.18"]
[EventType "team-tourn"]
[EventRounds "9"]
[EventCountry "GER"]
[SourceTitle "EXT 2011"]
[Source "ChessBase"]
[SourceDate "2010.11.26"]
[SourceVersion "1"]
[SourceVersionDate "2010.11.26"]
[SourceQuality "1"]
[WhiteTeam "Zehlendorf"]
[BlackTeam "Ruedersdorf"]
[WhiteTeamCountry "GER"]
[BlackTeamCountry "GER"]

1. d4 d5 2. Nf3 c6 3. c4 Nf6 4. Qc2 e6 5. Bg5 Nbd7 6. cxd5 exd5 7. e3 Be7 8. Nc3 0-0 9. Bd3 Re8 10. h3 Nf8 11. Bxf6 Bxf6 12. 0-0-0 b6 13. g4 a5 14. Rdg1 g6 15. Kb1 Ba6 16. h4 Bxd3 17. Qxd3 a4 18. g5 Bg7 19. h5 Qd6 20. hxg6 fxg6 21. Rc1 a3 22. b3 Rad8 23. Na4 Nd7 24. Nc3 Rf8 25. Rh3 Rf7 26. Ne2 c5 27. Nf4 Nf8 28. Rd1 cxd4 29. Nxd4 Qe5 30. Rg3 Rc8 31. Rd2 Nd7 32. Nfe6 Bh8 33. f4 Qd6 34. f5 Ne5 35. Qa6 Re8 36. Qb5 Rd7 37. Nf4 Nf7 38. fxg6 hxg6 39. Rh3 Be5 40. Qd3 Bxf4 41. exf4 Re4 42. Nc2 Qe6 43. Nd4 Qd6 44. Rf3 Rde7 45. Nb5 Qe6 46. Nxa3 d4 47. Nc2 Rd7 48. Rff2 Qf5 49. Kb2 Rd5 50. Rf3 b5 51. a3 Nd8 0-1

[Event "Oberliga Nord O 0708"]
[Site "Germany"]
[Date "2007.11.25"]
[Round "3.8"]
[White "Valet, Richard"]
[Black "Rovenski, Evjenij"]
[Result "1/2-1/2"]
[WhiteElo "2097"]
[BlackElo "2255"]
[PlyCount "29"]
[EventDate "2007.10.21"]
[EventType "team-tourn"]
[EventRounds "9"]
[EventCountry "GER"]
[SourceTitle "EXT 2009"]
[Source "ChessBase"]
[SourceDate "2008.11.26"]
[SourceVersion "1"]
[SourceVersionDate "2008.11.26"]
[SourceQuality "1"]
[WhiteTeam "Greifswald"]
[BlackTeam "Zehlendorf II"]
[WhiteTeamCountry "GER"]
[BlackTeamCountry "GER"]

1. e4 e5 2. Nf3 Nf6 3. Nxe5 d6 4. Nf3 Nxe4 5. d4 d5 6. Bd3 Be7 7. 0-0 Nc6 8. Re1 Bg4 9. c3 Nf6 10. Nbd2 0-0 11. Qc2 Bxf3 12. Nxf3 h6 13. Re2 Re8 14. Bd2 Bf8 15. Rae1 1/2-1/2

[Event "Strausberg Weihnachts op"]
[Site "Strausberg"]
[Date "2001.12.30"]
[Round "7.8"]
[White "Rovenski, Evjenij"]
[Black "Bruening, Wolfgang"]
[Result "0-1"]
[WhiteElo "2301"]
[BlackElo "2064"]
[PlyCount "70"]
[EventDate "2001.12.27"]
[EventType "swiss"]
[EventRounds "7"]
[EventCountry "GER"]
[SourceTitle "EXT 2003"]
[Source "ChessBase"]
[SourceDate "2002.11.25"]
[SourceVersion "1"]
[SourceVersionDate "2002.11.25"]
[SourceQuality "1"]

1. d4 Nf6 2. c4 g6 3. Nc3 d5 4. cxd5 Nxd5 5. g3 Bg7 6. Bg2 c6 7. e3 0-0 8. Nge2 Nxc3 9. bxc3 e5 10. 0-0 Be6 11. Ba3 Re8 12. Qc2 Qa5 13. Bb4 Qc7 14. a4 Na6 15. Ba3 Rad8 16. Rab1 Bc4 17. Rfe1 Bf8 18. Bxf8 Kxf8 19. Rb2 b6 20. Rd1 Qd6 21. Rbb1 e4 22. Ra1 f5 23. h4 h6 24. Bf1 g5 25. hxg5 hxg5 26. Nc1 Bxf1 27. Kxf1 Qh6 28. Kg2 f4 29. exf4 gxf4 30. Rh1 f3+ 31. Kg1 Qg5 32. Nd3 Kg7 33. Nf4 Nc7 34. Re1 Qe7 35. Qxe4 Qxe4 0-1

[Event "BL2-Nord 0001"]
[Site "Germany"]
[Date "2001.04.29"]
[Round "9"]
[White "Rovenski, Evjenij"]
[Black "Jugelt, Tobias"]
[Result "0-1"]
[WhiteElo "2316"]
[BlackElo "2386"]
[PlyCount "91"]
[EventDate "2000.10.15"]
[EventType "team-tourn"]
[EventRounds "9"]
[EventCountry "GER"]
[SourceTitle "CBM 082 Extra"]
[Source "ChessBase"]
[SourceDate "2001.07.03"]
[SourceVersion "1"]
[SourceVersionDate "2001.07.03"]
[SourceQuality "1"]
[WhiteTeam "Zehlendorf"]
[BlackTeam "Delmenhorst"]
[WhiteTeamCountry "GER"]
[BlackTeamCountry "GER"]

1. c4 c6 2. d4 d5 3. cxd5 cxd5 4. Nc3 Nf6 5. Nf3 e6 6. Bf4 Be7 7. e3 0-0 8. Bd3 Nc6 9. Rc1 Bd7 10. h3 Qb6 11. Qe2 Rfc8 12. 0-0 Qd8 13. Bb1 Be8 14. Ne5 a6 15. a3 Nxe5 16. Bxe5 Rc6 17. f4 g6 18. g4 Nd7 19. f5 Nxe5 20. dxe5 Qc7 21. fxe6 fxe6 22. Qh2 Bg5 23. Rce1 Rxc3 24. bxc3 Qxc3 25. Qf2 Qxa3 26. h4 Be7 27. h5 Qb4 28. Qf3 Rc8 29. hxg6 hxg6 30. Re2 Rc3 31. Rg2 Rc4 32. Kh1 Qc5 33. Re2 a5 34. Qh3 Rc1 35. Ref2 Rxf1+ 36. Rxf1 Bg5 37. Qf3 a4 38. e4 dxe4 39. Bxe4 b5 40. Rf2 Kg7 41. Rc2 Qxe5 42. Rc8 Bf7 43. Bc6 Bf4 44. Qd3 Qb2 45. Kg1 a3 46. Qd8 0-1

[Event "Berlin tt 0001"]
[Site "Berlin"]
[Date "2001.04.08"]
[Round "8.2"]
[White "Rovenski, Evjenij"]
[Black "Thielsch, Norman"]
[Result "1-0"]
[WhiteElo "2249"]
[BlackElo "2254"]
[PlyCount "117"]
[EventDate "2000.10.22"]
[EventType "team"]
[EventRounds "11"]
[EventCountry "GER"]
[SourceTitle "EXT 2007"]
[Source "ChessBase"]
[SourceDate "2006.11.23"]
[SourceVersion "1"]
[SourceVersionDate "2006.11.23"]
[SourceQuality "1"]

1. d4 Nf6 2. c4 e6 3. Nc3 d5 4. Bg5 Be7 5. e3 0-0 6. Nf3 Nbd7 7. cxd5 exd5 8. Bd3 c6 9. Qc2 Re8 10. h3 Ne4 11. Bxe4 dxe4 12. Nxe4 Bxg5 13. Nexg5 Qa5+ 14. Kf1 Qb5+ 15. Kg1 Nf8 16. h4 h6 17. Nh3 Bf5 18. Qc3 Ng6 19. h5 Ne7 20. Ne5 Nd5 21. Qb3 Qxb3 22. axb3 Bc2 23. Ra3 Nc7 24. Kh2 Nb5 25. Ra5 Bxb3 26. Nf4 Rad8 27. Ned3 a6 28. Nc5 b6 29. Rxb5 cxb5 30. Nxb3 Rc8 31. Rd1 Rc2 32. Nd3 a5 33. d5 Rd8 34. Nd4 Rcc8 35. e4 b4 36. Kg3 f6 37. Kf4 Rc4 38. Ke3 Kf7 39. f4 Ra8 40. e5 a4 41. e6+ Ke7 42. Nf5+ Kd8 43. Nd6 Rc2 44. Nf7+ Ke7 45. Nxb4 Rxb2 46. Nc6+ Kf8 47. d6 Rb3+ 48. Kd4 a3 49. Kc4 Rb2 50. d7 Rc2+ 51. Kb5 Rb2+ 52. Nb4 a2 53. Ra1 Ke7 54. d8Q+ Rxd8 55. Nxd8 Kxd8 56. Rxa2 Rb1 57. Ra7 Re1 58. Nc6+ Ke8 59. Ra8# 1-0

[Event "Berlin-ch Seniors op 17th"]
[Site "Berlin"]
[Date "2001.03.04"]
[Round "5"]
[White "Rovenski, Evjenij"]
[Black "Reichenbach, Werner"]
[Result "0-1"]
[WhiteElo "2316"]
[BlackElo "2308"]
[PlyCount "110"]
[EventDate "2001.02.??"]
[EventType "swiss"]
[EventRounds "9"]
[EventCountry "GER"]
[SourceTitle "EXT 2006"]
[Source "ChessBase"]
[SourceDate "2005.11.24"]
[SourceVersion "1"]
[SourceVersionDate "2005.11.24"]
[SourceQuality "1"]

1. c4 c5 2. Nc3 Nf6 3. g3 d5 4. cxd5 Nxd5 5. Bg2 Nc7 6. Nf3 Nc6 7. 0-0 e5 8. d3 Be7 9. Be3 0-0 10. Nd2 Bd7 11. Rc1 Rc8 12. Nc4 f6 13. a4 b6 14. f4 exf4 15. Bxf4 Be8 16. Bxc7 Qxc7 17. Qe1 Bf7 18. Qf2 Qd7 19. Rcd1 Nb4 20. b3 Rcd8 21. Rd2 Be6 22. Rfd1 f5 23. e3 Bf6 24. Nb5 a6 25. Nbd6 b5 26. Nb7 bxc4 27. dxc4 Qc7 28. Nxd8 Bxd8 29. Rd6 Qe7 30. Qf3 Bc7 31. R6d2 Bc8 32. Kf2 h6 33. Qh5 Qf6 34. Bf3 Kh7 35. Rc1 Nc6 36. Bxc6 Qxc6 37. Qf3 Qxf3+ 38. Kxf3 Bb7+ 39. Ke2 Bc6 40. Rf1 Rf6 41. Rb2 a5 42. Rd2 Kg6 43. h3 Kg5 44. Kf2 h5 45. Rg1 Re6 46. Rd3 g6 47. Rd2 Re4 48. Rdd1 Kf6 49. Ke2 g5 50. Rdf1 h4 51. gxh4 Rxh4 52. Rf2 Rxh3 53. Rgf1 Be4 54. Rd1 Ke6 55. Rg1 g4 0-1